| 000 | 01201nac a22002891u 4500 | ||
|---|---|---|---|
| 010 | _a 94164288 | ||
| 020 | _a0412482703 | ||
| 035 | _a(OCoLC)29753804 | ||
| 082 | _a621.38130287 | ||
| 090 |
_c3812 _d3812 |
||
| 100 | _a20080729 | ||
| 245 | 1 | 0 |
_aFrequency measurement and control / _cChronos Group, French National Observatory, and National Centre of Scientific Research, France. |
| 250 | _a1st English language ed. | ||
| 260 |
_aLondon ; _aNew York : _bChapman & Hall,1994 _c1994. |
||
| 300 |
_axvi, 340 p. : _bill. ; _c24 cm. |
||
| 440 | 0 |
_aMicrowave technology series ; _v7 |
|
| 504 | _aIncludes bibliographical references (p. 322-335) and index. | ||
| 650 | 0 |
_aFrequencies of oscillating systems _xMeasurement. |
|
| 650 | 0 | _aFrequency response (Electrical engineering) | |
| 650 | 0 | _aElectronic engineering | |
| 650 | 0 | _aMicrowave equipment | |
| 710 | 2 | _aChronos Group. | |
| 710 | 2 | _aObservatoire de Paris-Meudon. | |
| 710 | 2 | _aCentre national de la recherche scientifique (France) | |
| 942 |
_cBB _k621.38130287 |
||
| 999 |
_c3812 _d3812 |
||